| 000 | 00785cam a22002533a 4500 | ||
|---|---|---|---|
| 001 | 38241 | ||
| 003 | PGUSA | ||
| 005 | 20140828083837.0 | ||
| 008 | 111206s2011||||xxu|||||s|||||000 1 eng d | ||
| 040 |
_aPGUSA _beng |
||
| 042 | _adc | ||
| 050 | 4 | _aPG | |
| 100 | 1 |
_aDostoyevsky, Fyodor, _d1821-1881 |
|
| 245 | 1 | 0 |
_aUncle's Dream; and The Permanent Husband _h[electronic resource] / _cFyodor Dostoyevsky |
| 260 |
_bProject Gutenberg, _c2011 |
||
| 506 | _aPublic domain in the USA. | ||
| 516 | _aElectronic text | ||
| 653 | _aRussia -- Social life and customs -- 1533-1917 -- Fiction | ||
| 653 | _aPrinces -- Russia -- Fiction | ||
| 700 | 1 |
_aWhishaw, Frederick, _d1854-1934 |
|
| 830 | 0 |
_aProject Gutenberg _v38241 |
|
| 856 | 4 | 0 | _uhttp://www.gutenberg.org/ebooks/38241 |
| 942 | _cEB | ||
| 999 |
_c267495 _d267495 |
||